| 000 | 00445nam a2200145Ia 4500 | ||
|---|---|---|---|
| 008 | 151021s9999 xx 000 0 und d | ||
| 020 | _a2508265 | ||
| 245 | _a_Environment and Development in Kenya Biodiversity KNAS | ||
| 260 | _aNairobi : KNAS, 2006 | ||
| 300 | _aix,26 p. | ||
| 500 | _aIncludes Bibliography | ||
| 500 | _aIncludes Bibliography | ||
| 650 | _a_Environment and biodiversity in kenya | ||
| 980 | _a^d20140618 12:20:59^oanne | ||
| 999 |
_c14926 _d14926 |
||